00770nam a2200205 a 4500001001000000003000900010005001700019007000300036008004100039040003000080082001800110110003900128240002600167245020400193264005400397300002500451336002700476337003300503338002800536000042732DO-SdBNP20230818111747.0ta110404n1997 dr 000 0 spa d aDO-SdBNPbspacBNPHUerda 4222axxxbxxxx1 aRepública Dominicana.bley 24-9710aLeyes, decretos, etc.10aLey no. 24-97 :bque introduce modificaciones al código penal, al código de procedimiento criminal y al código para la protección de niños, niñas y adolescentes del 27 de enero de 1997. / 1aSanto Domingo :b[editor no identificado],c1997. a27 pàginasc21 cm. 2rdacontentatextobtxt 2rdamediaasin mediaciónbn 2rdacarrieravolumenbnc